| 000 | 00408nam a2200169Ia 4500 | ||
|---|---|---|---|
| 005 | 20250423101339.0 | ||
| 008 | 250422s9999 xx 000 0 und d | ||
| 020 | _a978133416404 | ||
| 050 | _aRT 73.5 G53/ | ||
| 100 | _aGiddens, Jean Foret | ||
| 245 | 4 | _aThe Neighborhood 2.0 : faculty navigation guide | |
| 260 | _aNew Jersey | ||
| 260 | _bPearson | ||
| 260 | _c2014 | ||
| 300 | _a379 p | ||
| 942 | _cBK | ||
| 999 |
_c36039 _d36039 |
||